000 00684nam a2200253Ia 4500
003 OSt
005 20220918202303.0
006 a|||||r|||| 00| 0
007 ta
008 220917b |||||||| |||| 00| 0 eng d
024 _a100,088
037 _cTextual
040 _aARTS
_cARTS
_beng
041 _2eng
_aeng
082 _aV2:5:N, 122J3 (Q4)
100 _aRenou Louis
_947956
245 0 _aInde classique
260 _c1953
490 _aBibliotheque de l'ecole francaise d'extreme-orient; 3
650 _aHISTORY
700 _a Filliozat Jean
_943231
942 _hV2:5:N, 122J3 (Q4)
_cTEXL
_2CC
999 _c223646
_d223646